000 00739nam a22002651 4500
001 17352
003 BD-RjUL
005 20211209000127.0
008 140216s1966 nyn 001 0 eng
035 _a(BD-RjUL)17410
035 _a(OCoLC)367435
040 _aDLC
_cOClU
_dBD-RjUL
_beng
041 _aeng
082 0 4 _2 20
_a659.285
_bBUC 1966
100 1 _aBurton, Paul.
_953474
245 1 0 _aCorporate public relations /
_cPaul Burton
260 _aNew York :
_bReinhold Pub. Corp.,
_cc1966.
300 _axi, 228 p. ;
_c24cm.
490 0 _aReinhold management reference series
504 _aInclude index.
650 0 _aCorporations
_xPublic relations
_953475
942 _2ddc
_cBK
999 _c17352
_d17352